Statistics for Countries Earning The Most From International Tourism

Click here to take the quiz!

General Stats

  • This quiz has been taken 48 times
  • The average score is 6 of 10

Answer Stats

RankRevenue(millions)Country% Correct
1244,708United States
100%
260,605Spain
80%
650,883France
64%
744,432China
61%
355,558United Kingdom
61%
840,373Italy
55%
552,129Germany
52%
453,465Thailand
50%
1034,475Australia
32%
937,976Hong Kong
11%

Score Distribution

Percentile by Number Answered

Percent of People with Each Score

Your Score History

You have not taken this quiz